World Countries and Capitals - Statistics

General Stats
  • This quiz has been taken 21,762 times
    1,587 since last reset
  • The average score is 111 of 196
Answer Stats
SOUTH AMERICA % Correct
Argentina, Buenos Aires
83%
Brazil, Brasilia
82%
United States, Washington D.C.
82%
Peru, Lima
80%
Chile, Santiago
79%
Colombia, Bogota
78%
France, Paris
77%
Mexico, Mexico City
77%
Canada, Ottawa
76%
United Kingdom, London
76%
Uruguay, Montevideo
76%
Bolivia, La Paz or Sucre
75%
Ecuador, Quito
75%
Germany, Berlin
75%
Venezuela, Caracas
75%
Ireland, Dublin
73%
Panama, Panama City
73%
Russia, Moscow
73%
Spain, Madrid
73%
Australia, Canberra
72%
Norway, Oslo
72%
Belgium, Brussels
71%
Cuba, Havana
71%
Italy, Rome
71%
Paraguay, Asuncion
71%
Poland, Warsaw
71%
Portugal, Lisbon
71%
Austria, Vienna
70%
Finland, Helsinki
70%
Sweden, Stockholm
70%
Denmark, Copenhagen
69%
Greece, Athens
69%
Guatemala, Guatemala City
69%
Iceland, Reykjavik
69%
Luxembourg, Luxembourg
69%
Belarus, Minsk
68%
Bulgaria, Sofia
68%
Hungary, Budapest
68%
Jamaica, Kingston
68%
Netherlands, Amsterdam or The Hague
68%
Andorra, Andorra la Vella
67%
El Salvador, San Salvador
67%
Guyana, Georgetown
67%
Latvia, Riga
67%
New Zealand, Wellington
67%
Romania, Bucharest
67%
San Marino, San Marino
67%
Albania, Tirana
66%
Algeria, Algiers
66%
China, Beijing
66%
Croatia, Zagreb
66%
Egypt, Cairo
66%
Japan, Tokyo
66%
Suriname, Paramaribo
66%
Bahamas, Nassau
65%
Czech Republic, Prague
65%
Estonia, Tallinn
65%
Lithuania, Vilnius
65%
Switzerland, Bern
65%
Belize, Belmopan
64%
Bosnia & Herzegovina, Sarajevo
64%
Costa Rica, San Jose
64%
Haiti, Port-au-Prince
64%
Liechtenstein, Vaduz
64%
Monaco, Monaco
64%
Dominican Republic, Santo Domingo
63%
Serbia, Belgrade
63%
Slovakia, Bratislava
63%
Vatican City, Vatican City
63%
Honduras, Tegucigalpa
62%
India, New Delhi
62%
Ukraine, Kiev
62%
Nicaragua, Managua
61%
Trinidad & Tobago, Port-of-Spain
61%
Antigua & Barbuda, Saint John's
60%
Barbados, Bridgetown
60%
Israel, Jerusalem
60%
Kosovo, Pristina
60%
Slovenia, Ljubljana
60%
South Africa, Pretoria or Cape Town or Bloemfontein
60%
Turkey, Ankara
60%
Afghanistan, Kabul
59%
Indonesia, Jakarta
59%
Malta, Valletta
59%
Montenegro, Podgorica
59%
North Korea, Pyongyang
59%
South Korea, Seoul
59%
Thailand, Bangkok
59%
Cyprus, Nicosia
58%
Moldova, Chisinau
58%
North Macedonia, Skopje
58%
Iran, Tehran
57%
Morocco, Rabat
57%
Pakistan, Islamabad
57%
Tunisia, Tunis
57%
Vietnam, Hanoi
57%
Dominica, Roseau
56%
Fiji, Suva
56%
Iraq, Baghdad
56%
Libya, Tripoli
56%
Singapore, Singapore
56%
St. Lucia, Castries
56%
Djibouti, Djibouti
55%
Lebanon, Beirut
55%
Saudi Arabia, Riyadh
55%
Syria, Damascus
55%
Armenia, Yerevan
54%
Azerbaijan, Baku
54%
Georgia, Tbilisi
54%
Malaysia, Kuala Lumpur
54%
Qatar, Doha
54%
Taiwan, Taipei
54%
United Arab Emirates, Abu Dhabi
54%
Jordan, Amman
53%
Kenya, Nairobi
53%
Kuwait, Kuwait City
53%
Philippines, Manila
53%
St. Kitts & Nevis, Basseterre
53%
Angola, Luanda
52%
Grenada, Saint George's
52%
Kazakhstan, Astana
52%
Oman, Muscat
52%
Papua New Guinea, Port Moresby
52%
Yemen, Sanaa
52%
Bangladesh, Dhaka
51%
Nepal, Kathmandu
51%
Cambodia, Phnom Penh
50%
East Timor, Dili
50%
Ethiopia, Addis Ababa
50%
Guinea-Bissau, Bissau
50%
Laos, Vientiane
50%
Samoa, Apia
50%
Senegal, Dakar
50%
St. Vincent & the Grenadines, Kingstown
50%
Uzbekistan, Tashkent
50%
Mongolia, Ulaanbaatar
49%
Somalia, Mogadishu
49%
Nigeria, Abuja
48%
Sao Tome & Principe, Sao Tome
48%
Tajikistan, Dushanbe
48%
Vanuatu, Port Vila
48%
Bahrain, Manama
47%
Bhutan, Thimphu
47%
Eritrea, Asmara
47%
Ghana, Accra
47%
Marshall Islands, Majuro
47%
Sudan, Khartoum
47%
Turkmenistan, Ashgabat
47%
Chad, N'Djamena
46%
Fed. States of Micronesia, Palikir
46%
Kyrgyzstan, Bishkek
46%
Madagascar, Antananarivo
46%
Maldives, Male
46%
Nauru, Yaren
46%
South Sudan, Juba
46%
Tuvalu, Funafuti
46%
Zimbabwe, Harare
46%
Benin, Porto-Novo
45%
Burkina Faso, Ouagadougou
45%
Congo (Dem. Rep.), Kinshasa
45%
Congo (Rep.), Brazzaville
45%
Liberia, Monrovia
45%
Namibia, Windhoek
45%
Seychelles, Victoria
45%
Sierra Leone, Freetown
45%
Solomon Islands, Honiara
45%
Botswana, Gaborone
44%
Guinea, Conakry
44%
Mali, Bamako
44%
Tanzania, Dar es Salaam or Dodoma
44%
Tonga, Nuku'alofa
44%
Cameroon, Yaounde
43%
Central African Rep, Bangui
43%
Mozambique, Maputo
43%
Niger, Niamey
43%
Palau, Ngerulmud
43%
Zambia, Lusaka
43%
Cape Verde, Praia
42%
Comoros, Moroni
42%
Eswatini, Mbabane, Lobamba
42%
Togo, Lome
42%
Uganda, Kampala
42%
Gabon, Libreville
41%
Gambia, Banjul
41%
Mauritius, Port Louis
41%
Rwanda, Kigali
41%
Burundi, Gitega
40%
Kiribati, Tarawa
40%
Lesotho, Maseru
40%
Mauritania, Nouakchott
40%
Brunei, Bandar Seri Begawan
39%
Cote d'Ivoire, Yamoussoukro or Abidjan
39%
Burma, Yangon or Naypyidaw
38%
Equatorial Guinea, Malabo
37%
Malawi, Lilongwe
37%
Sri Lanka, Sri Jayawardenepura Kotte
34%
No matching quizzes found
Score Distribution
Percent of People with Each Score
Percentile by Number Answered
Your Score History
You have not taken this quiz since the last reset